banner-ar

THE PHILOSOPHY OF NEW THINKING AND THE SOVIET INITIATIVES / (Record no. 16668)

MARC details
000 -الفاتح
حقل البيانات ثابتة الطول 00456nam a2200157Ia 4500
008 - عناصر البيانات ثابتة الطول - معلومات عامة
حقل البيانات ثابتة الطول 140319s9999 xx 000 0 eng d
040 ## - مصدر الفهرسة
وكالة الفهرسة الأصلية GCL /
وكالة النسخ GCL
082 04 - رقم تصنيف ديوى العشرى
رقم التصنيف 320.5
رقم المادة N P
100 1# - المدخل الرئيسى - إسم شخصى
الإسم الشخصى NIKOLSKY,NIKOLAI
245 10 - بيان العنوان
العنوان THE PHILOSOPHY OF NEW THINKING AND THE SOVIET INITIATIVES /
بيان المسئوليه,etc NIKOLSKY,NIKOLAI
260 ## - PUBLICATION, DISTRIBUTION, ETC. (IMPRINT)
تاريخ النشر أو التوزيع 1988
300 ## - الوصف المادى
التعداد 157 PP
650 04 - المدخل الاضافى بالموضوع-مصطلح موضوعى
مصطلح موضوعي WORLD POLITICS
942 ## - عناصر المدخل الإضافي( كوها)
مصدر التصنيف او مخطط الترفيف Dewey Decimal Classification
Koha [default] item type كتاب
260 ## - PUBLICATION, DISTRIBUTION, ETC. (IMPRINT)
-- [S.N] :
-- ALLIED PUBLISHERS PRIVATE LIMITED ،
Holdings
حالة التراجع حالة الفقد حالة تلف ليس للاعارة المكان المؤقت الموقع الحالى تاريخ الاكتساب اجمالي اﻻعارات رقم الطلب الباركود تاريخ اخر مشاهدة تاريخ تفعيل السعر نوع وعاء كوها
        مكتبة القاهرة الكبرى مكتبة القاهرة الكبرى 03/26/2014   320.5\N P 30180 03/26/2014 03/26/2014 كتاب

Powered By

EGPV